Gesang von Leben Schmöllnitz(Smolník)

Podrobná bibliografia
Hlavný autor: (kb) (Autor)
Médium: Článok
Jazyk:slovenčina
Predmet:

MARC

LEADER 00000nab a2200000 a 4500
001 vtls001014969
003 SK-MaSNL
005 20260303042617.0
008 040720e19940000xo 0 slo
035 |a SN922 
040 |a SNSK  |b slo  |c SNSK  |e AACR2 
041 0 |a slo 
044 |a xo  |c SK 
080 |a 82  |2 1981 
080 |a 929  |2 1981 
100 0 |a (kb)  |4 aut  |9 888294 
245 1 0 |a Gesang von Leben  |b Schmöllnitz(Smolník) 
590 |a Jahoda, Marika  |b nemec. spisovateľka 
600 1 7 |a Jahoda, Marika  |2 SNSK  |9 1029080 
650 0 7 |a Nemci karpatskí  |2 SNSK  |9 297773 
651 7 |a SN,  |2 SNSK  |9 1021277 
655 7 |a periodikum  |2 snkbucl  |9 29553 
773 0 8 |t Karpatenblatt  |g Roč. 3, č.2 (1994), s. 4 
852 |a ZVYKNI  |b KIS3GCP 
999 |c 1692877  |d 1694807